| 000 | 00410nam a2200157Ia 4500 | ||
|---|---|---|---|
| 008 | 151213s9999 xx 000 0 und d | ||
| 020 | _a316739510 | ||
| 100 | _aE.M. Reingold W.J. Ha | ||
| 245 |
_aData Structures _cE.M. Reingold W.J. Ha |
||
| 260 |
_aU.S.A _bLittle Brown & Company _c1999 |
||
| 300 | _a5333 p. | ||
| 650 | _aComputer | ||
| 650 | _aComputer | ||
| 700 | _aE.M. Reingold W.J. Ha | ||
| 999 |
_c3267 _d3267 |
||